এম. এন. রায়ের ওডেসী: (Record no. 27744)
[ view plain ]
| 000 -LEADER | |
|---|---|
| fixed length control field | 01267nam a22002417a 4500 |
| 003 - CONTROL NUMBER IDENTIFIER | |
| control field | BDDh-ASL |
| 005 - DATE AND TIME OF LATEST TRANSACTION | |
| control field | 20231016062618.0 |
| 008 - FIXED-LENGTH DATA ELEMENTS--GENERAL INFORMATION | |
| fixed length control field | 200919b2000 b ||||| b||| 001 0 b d |
| 040 ## - CATALOGING SOURCE | |
| Original cataloging agency | BDDh-ASL |
| Transcribing agency | BDDh-ASL |
| Modifying agency | BDDh-ASL |
| 041 ## - LANGUAGE CODE | |
| Language code of text/sound track or separate title | bengali |
| 082 ## - DEWEY DECIMAL CLASSIFICATION NUMBER | |
| Classification number | 923.2 |
| Item number | HOM |
| 100 1# - MAIN ENTRY--PERSONAL NAME | |
| 9 (RLIN) | 5912 |
| Personal name | হোসেন, তাজুল |
| Titles and words associated with a name | ডা. |
| 245 1# - TITLE STATEMENT | |
| Title | এম. এন. রায়ের ওডেসী: |
| Remainder of title | ২. মেক্সিকোতে রাজনৈতিক সাফল্য ও ভারতের ইতিহাস বিশ্লেষণ / |
| 246 ## - VARYING FORM OF TITLE | |
| Title proper/short title | M. N. Royer Odesi: Mexicote Rajnoitik Safolla O Bharater Itihas Bisleshon. |
| 260 ## - PUBLICATION, DISTRIBUTION, ETC. | |
| Place of publication, distribution, etc. | ঢাকা: |
| Name of publisher, distributor, etc. | মানবতাবাদী প্রকাশন, |
| Date of publication, distribution, etc. | ২০০০। |
| 300 ## - PHYSICAL DESCRIPTION | |
| Extent | ১৪৪ পৃষ্ঠা: |
| Dimensions | ২২ সে. মি.। |
| 440 ## - SERIES STATEMENT/ADDED ENTRY--TITLE | |
| 9 (RLIN) | 5915 |
| Title | বিংশ শতাব্দীর স্বাধীনতা সংগ্রাম সিরিজ |
| Number of part/section of a work | - ২. |
| 650 #0 - SUBJECT ADDED ENTRY--TOPICAL TERM | |
| Topical term or geographic name entry element | biographical dictionary - চরিতাভিধান |
| 9 (RLIN) | 4665 |
| 650 #0 - SUBJECT ADDED ENTRY--TOPICAL TERM | |
| Topical term or geographic name entry element | Political History (রাজনৈতিক ইতিহাস) |
| 9 (RLIN) | 5918 |
| 650 #0 - SUBJECT ADDED ENTRY--TOPICAL TERM | |
| Topical term or geographic name entry element | Political Leader (রাজনৈতিক নেতা) |
| 9 (RLIN) | 5905 |
| 650 #0 - SUBJECT ADDED ENTRY--TOPICAL TERM | |
| Topical term or geographic name entry element | Politics (রাজনীতি) |
| 9 (RLIN) | 5777 |
| 942 ## - ADDED ENTRY ELEMENTS (KOHA) | |
| Source of classification or shelving scheme | Dewey Decimal Classification |
| Koha item type | Books |
| Withdrawn status | Lost status | Source of classification or shelving scheme | Damaged status | Not for loan | Collection code | Home library | Current library | Shelving location | Date acquired | Source of acquisition | Serial Enumeration / chronology | Total Checkouts | Full call number | Barcode | Date last seen | Copy number | Price effective from | Koha item type |
|---|---|---|---|---|---|---|---|---|---|---|---|---|---|---|---|---|---|---|
| Dewey Decimal Classification | Non-fiction | Asiatic Society Library | Asiatic Society Library | General Stacks | 11/09/2021 | ASB Library Collection | V-2 | 923.2 HOM | 113925 | 11/09/2021 | C-1 | 11/09/2021 | Books | |||||
| Dewey Decimal Classification | Non-fiction | Asiatic Society Library | Asiatic Society Library | Sirajul Islam Collection | 04/28/2022 | Donated by Prof. Sirajul Islam FRHS | V-2 | 923.2 HOM | 116672 | 04/28/2022 | C-2 | 04/28/2022 | Books |